000
00228nam a2200085Ia 4500
008
120527s9999 xx 000 0 und d
100
_a
Mcearchern, A. William
245
_a
Macro economics a contyemporary introductions
942
_c
BK
999
_c
26968
_d
26968